000 00870nam a22002897a 4500
003 CHAP
005 20220329134012.0
008 971013s mx r 00010 spa d
010 _a13899
011 _a14871
035 _a18945
040 _cCHAP
082 0 4 _a580
_bG64
100 0 0 _aGonzález Embarcadero, Antonia.
_948874
245 1 _aBotánica
260 _a(s.l.) :
_bUniversidad Autónoma Chapingo,
_c(s.a.)
300 _a317 p.
_b: ilus
590 _aBATCH-UPD
_b10
_c20130110
_lUCH01
_h1819
590 _aBATCH-UPD
_b10
_c20130410
_lUCH01
_h1153
590 _aBATCH-UPD
_b10
_c20130914
_lUCH01
_h0728
590 _aCONVERSION
_b10
_c20130109
_lUCH01
_h1309
650 1 4 _aBotánica.
_914477
901 _aBK
942 _cLIBRO
949 _a580 G64
_bBC
_cC
_d-44065
_eLIBRO
_fc.2
_h63466
_i18945
_mD
_si
949 _a580 G64
_bBC
_cUACH
_d-44064
_eUACH
_h5756
_i18945
_mD
_si
999 _c13899
_d13899